First Year P. B .Sc. Nursing Solved Question Papers Subjectwise Unitwise Topic Wise (Record no. 356870)

MARC details
000 -LEADER
fixed length control field 00827 a2200181 4500
003 - CONTROL NUMBER IDENTIFIER
control field OSt
005 - DATE AND TIME OF LATEST TRANSACTION
control field 20250331152410.0
008 - FIXED-LENGTH DATA ELEMENTS--GENERAL INFORMATION
fixed length control field 240112b |||||||| |||| 00| 0 eng d
020 ## - INTERNATIONAL STANDARD BOOK NUMBER
International Standard Book Number 9789393173102
100 ## - MAIN ENTRY--PERSONAL NAME
Personal name Vajramal, A.
9 (RLIN) 205559
245 ## - TITLE STATEMENT
Title First Year P. B .Sc. Nursing Solved Question Papers Subjectwise Unitwise Topic Wise
250 ## - EDITION STATEMENT
Edition statement 2023
260 ## - PUBLICATION, DISTRIBUTION, ETC. (IMPRINT)
Name of publisher, distributor, etc. Dynamic Medical Publisher
Date of publication, distribution, etc. 2023
300 ## - PHYSICAL DESCRIPTION
Extent V;9.359P.
500 ## - GENERAL NOTE
Keywords Completely examination oriented<br/> As per INC Examination system<br/> Helps to perform the examination confident4. Ready reference tool for PBBSc nursing students<br/>. Student friendly presentation to the point explanatory answers<br/>. Answers are presented in very lucid and cogent manner.<br/>. Needed diagrams and tables are incorporated<br/>
650 ## - SUBJECT ADDED ENTRY--TOPICAL TERM
Topical term or geographic name as entry element Nursing Foundation
942 ## - ADDED ENTRY ELEMENTS (KOHA)
Source of classification or shelving scheme Dewey Decimal Classification
Koha item type Books
Holdings
Withdrawn status Lost status Source of classification or shelving scheme Damaged status Not for loan Home library Current library Date acquired Vendor Cost, normal purchase price Total Checkouts Full call number Barcode Date last seen Date last checked out Cost, replacement price Bill Date Koha item type
    Dewey Decimal Classification     Sitabai Nargundkar College of Nursing Nagpur Sitabai Nargundkar College of Nursing Nagpur 12/01/2024 158 1046.50 16 610.73 /VAJ SNCN-BK-3368 25/02/2026 24/02/2026 1495.00 12/01/2024 Books